[Event "Hoogovens"]
[Site "Wijk aan Zee"]
[Date "1981.??.??"]
[Round "?"]
[White "Gheorghiu, Florin"]
[Black "Ree, Hans"]
[Result "1/2-1/2"]
[WhiteElo "2545"]
[BlackElo "2485"]

1.d4 Nf6 2.c4 e6 3.Nf3 d5 4.Nc3 Be7 5.Bf4 O-O 6.e3 b6 7.Rc1 c5 8.cxd5 exd5
9.Ne5 Bb7 10.Be2 Nbd7 11.O-O Rc8 12.dxc5 Nxc5 13.Nf3 Nfe4 14.Nd4 Bf6 15.Bg4 Nxc3
16.Rxc3 Ne4 17.Rxc8 Bxc8 18.Be2 Bd7 19.Bd3 Qe7 20.Qh5 Be6 21.Be5 Rc8 22.Bxf6 Qxf6
23.Qe2 g6 24.f3 Nd6 25.b3 Nf5 26.Bxf5 Bxf5 27.Qd2 Bd7 28.Rc1 Rxc1+ 29.Qxc1 Qd6
30.Qc3 Qc5 31.Qd2 a5 32.Kf2 h5  1/2-1/2

[Event "Yerevan"]
[Site "Yerevan"]
[Date "1981.??.??"]
[Round "7"]
[White "Agzamov, Viachesiav"]
[Black "Azmaiparashvili, Zurab"]
[Result "1/2-1/2"]
[WhiteElo "2255"]
[BlackElo "2380"]

1.d4 Nf6 2.c4 e6 3.Nf3 d5 4.Nc3 Be7 5.Bf4 O-O 6.e3 b6 7.Rc1 c5 8.cxd5 exd5
9.Be2 Bb7 10.h3 Nbd7 11.O-O a6 12.dxc5 bxc5 13.Ne5 Nxe5 14.Bxe5 Bd6 15.Bxf6 Qxf6
16.Bf3 Rfd8 17.Bxd5 Bxd5 18.Nxd5 Qxb2 19.Rc2  1/2-1/2

[Event "Baile Herculane zt"]
[Site "Baile Herculane"]
[Date "1982.??.??"]
[Round "5"]
[White "Ghinda, Mihail Viorel"]
[Black "Ciocaltea, Victor"]
[Result "1/2-1/2"]
[WhiteElo "2425"]
[BlackElo "2460"]

1.d4 Nf6 2.c4 e6 3.Nf3 d5 4.Nc3 Be7 5.Bf4 O-O 6.e3 a6 7.Rc1 dxc4 8.Bxc4 c5
9.O-O cxd4 10.exd4 b5 11.Bb3 Bb7 12.Re1 Bb4 13.Bg5 Nbd7 14.Qe2 Qb6 15.a3 Bxc3
16.Rxc3 Rfc8 17.Rd3 Bd5 18.Ne5 Bxb3 19.Rxb3 Qxd4  1/2-1/2

[Event "Rakovica"]
[Site "Belgrade"]
[Date "1982.??.??"]
[Round "?"]
[White "Simic, Radoslav"]
[Black "Radulov, Ivan"]
[Result "1/2-1/2"]
[WhiteElo "2465"]
[BlackElo "2480"]

1.Nf3 Nf6 2.c4 e6 3.Nc3 d5 4.d4 Be7 5.Bf4 O-O 6.e3 c5 7.dxc5 Bxc5 8.Qc2 Nc6
9.Rd1 Qe7 10.a3 Rd8 11.Bg5 dxc4 12.Rxd8+ Qxd8 13.Bxc4 h6 14.Bh4 Bd7 15.O-O Be7
16.Rd1 Qe8 17.Bxf6 Bxf6 18.Ne4 Be7 19.Ba2 Rd8  1/2-1/2

[Event "Rakovica"]
[Site "Belgrade"]
[Date "1982.??.??"]
[Round "?"]
[White "Agzamov, Georgy"]
[Black "Cvetkovic, Srdjan"]
[Result "1/2-1/2"]
[WhiteElo "2530"]
[BlackElo "2430"]

1.d4 Nf6 2.c4 e6 3.Nf3 d5 4.Nc3 Be7 5.Bf4 O-O 6.e3 a6 7.cxd5 Nxd5 8.Nxd5 Qxd5
9.Bxc7 Bb4+ 10.Nd2 Bd7 11.a3 Rc8 12.Bxb8 Bxd2+ 13.Qxd2 Raxb8 14.f3 e5 15.dxe5 Qxe5
16.Bd3 Re8 17.Kf2 Rbd8 18.Qe2 Bc6  1/2-1/2

[Event "DSV-Turnier"]
[Site "Berlin-Ost"]
[Date "1982.??.??"]
[Round "5"]
[White "Lechtynsky, Jiri"]
[Black "Lputian, Smbat G"]
[Result "0-1"]
[WhiteElo "2480"]
[BlackElo "2480"]

1.c4 e6 2.d4 d5 3.Nc3 Be7 4.Nf3 Nf6 5.Bf4 O-O 6.e3 c5 7.dxc5 Bxc5 8.cxd5 Nxd5
9.Nxd5 exd5 10.Bd3 Bb4+ 11.Ke2 Nc6 12.h3 Re8 13.Qc2 h6 14.a3 Ba5 15.Rhd1 Qf6
16.Kf1 g5 17.Bg3 Bxh3 18.Be2 Bf5 19.Bd3 Bg4 20.b4 Bb6 21.Be2 Rac8 22.Qd2 d4
23.Qb2 Re6 24.b5 d3 25.Qxf6 dxe2+ 26.Kxe2 Rxf6 27.bxc6 Rcxc6 28.Rd2 h5 29.Rd5 Rc5
30.Rad1 Rf5 31.Rd6 Rc2+ 32.Kf1 h4 33.e4 Rxf3  0-1

[Event "Wch U20"]
[Site "Copenhagen"]
[Date "1982.??.??"]
[Round "8"]
[White "Milos, Gilberto"]
[Black "Fernandes, Antonio"]
[Result "1-0"]
[WhiteElo "2395"]
[BlackElo "2335"]

1.d4 Nf6 2.c4 e6 3.Nc3 d5 4.Nf3 Be7 5.Bf4 O-O 6.e3 Nbd7 7.cxd5 exd5 8.Bd3 c6
9.Qc2 Re8 10.O-O Nf8 11.h3 Ng6 12.Bh2 Bd6 13.Bxd6 Qxd6 14.Rab1 Bd7 15.b4 Re7
16.b5 c5 17.dxc5 Qxc5 18.Rbc1 Qa3 19.Qb3 Qxb3 20.axb3 Ne5 21.Nxe5 Rxe5 22.Ne2 Re6
23.Rc7 Rb6 24.Nc3 Be6 25.Na4 Rd6 26.Rxb7 d4 27.Nc5 Bd5 28.Rc7 Ne8 29.Re7 Kf8
30.Rd7 dxe3 31.fxe3 Rc8 32.Rxd6 Nxd6 33.b4 Bc4 34.Bxc4 Nxc4 35.Ra1 Nxe3  1-0

[Event "Esbjerg"]
[Site "Esbjerg"]
[Date "1982.??.??"]
[Round "11"]
[White "Fries Nielsen, Jens Ove"]
[Black "Hoi, Carsten"]
[Result "1-0"]
[WhiteElo "2390"]
[BlackElo "2390"]

1.Nf3 Nf6 2.d4 d5 3.c4 e6 4.Nc3 Be7 5.Bf4 O-O 6.e3 Nbd7 7.Bd3 a6 8.cxd5 exd5
9.O-O c6 10.h3 Re8 11.Bh2 Nf8 12.Rb1 Ng6 13.Ne5 Bd6 14.f4 c5 15.Kh1 b5 16.a3 Bb7
17.Qf3 c4 18.Bc2 Bc7 19.g4 Nh4 20.Qf2 Ne4 21.Nxe4 dxe4 22.Bg3 Ng6 23.g5 Qd5
24.Rbd1 Bxe5 25.dxe5 Qc5 26.Rd6 Rad8 27.Rfd1 Rxd6 28.exd6 Rd8 29.Qd2 Nf8
30.Kh2 Nd7 31.Qc3 Qf5 32.Rd4 h5 33.gxh6 gxh6 34.Bh4 Re8 35.Bd1 h5 36.Be7 Kh7
37.Qe1 Rg8 38.Qh4 Kg7 39.Rd2 Nf8 40.d7 Nxd7 41.Bxh5  1-0

[Event "Gausdal Int"]
[Site "Gausdal"]
[Date "1982.??.??"]
[Round "2"]
[White "Wedberg, Tom"]
[Black "Ciric, Dragoljub M"]
[Result "1-0"]
[WhiteElo "2460"]
[BlackElo "2405"]

1.c4 e6 2.Nc3 d5 3.d4 Nf6 4.Nf3 Be7 5.Bf4 O-O 6.e3 c5 7.dxc5 dxc4 8.Bxc4 Bxc5
9.O-O Qxd1 10.Rfxd1 a6 11.Rac1 b5 12.Bd3 Bb6 13.Bd6 Re8 14.Ne4 Nd5 15.Bg3 Nd7
16.Nd6 Rf8 17.Ng5 Nxe3 18.Bxh7+ Kh8 19.Be4 Nxd1 20.Ndxf7+ Rxf7 21.Nxf7+ Kg8
22.Bxa8 Kxf7 23.Rxd1 Nf6 24.Rc1 Bd7 25.Bc6 Bxc6 26.Rxc6 Nd5 27.Be5  1-0

[Event "Gausdal Jubilee"]
[Site "Gausdal"]
[Date "1982.??.??"]
[Round "8"]
[White "Kraehenbuehl, Gerhard"]
[Black "Agdestein, Espen"]
[Result "1/2-1/2"]
[WhiteElo "2305"]
[BlackElo "2255"]

1.c4 e6 2.Nc3 d5 3.d4 Be7 4.Nf3 Nf6 5.Bf4 O-O 6.e3 c5 7.Rc1 Nc6 8.Bd3 cxd4
9.exd4 b6 10.cxd5 Nxd5 11.Nxd5 Qxd5 12.O-O Bb7 13.Re1 Rac8 14.Be4 Qd7 15.d5 exd5
16.Qd3 Qg4 17.Bxh7+ Kh8 18.Qf5 Qxf5 19.Bxf5 Rcd8 20.Bc7 Bb4 21.Red1 Ra8 22.a3 Be7
23.Rxd5 Bf6 24.Be4 Rfc8 25.Rh5+ Kg8 26.Bh7+ Kf8 27.Bd6+ Ne7 28.Re1 g6 29.Bxg6 fxg6
30.Bxe7+ Bxe7 31.Rh8+ Kg7 32.Rxc8 Rxc8 33.Rxe7+ Kf6 34.Re3 Rc1+ 35.Ne1 a5
36.f3 Rb1 37.Kf2 Rxb2+ 38.Kg3 Ba6 39.Rc3 a4 40.Nc2 Rb3 41.Rc6+ Kg7 42.Nb4 Be2
43.Kf2 Bb5 44.Rxb6 Rb2+ 45.Kg3 Bf1 46.Rb7+ Kh6 47.Ra7 Rxg2+ 48.Kf4 Bb5 49.h4 Rh2
50.Kg3 Rb2 51.Nd5 Rb3 52.Nf6 g5 53.h5 Bd3 54.Kg4 Rb8 55.Rxa4 Rf8 56.Ne4 Rf4+
57.Kg3 Kxh5 58.Rd4 Be2 59.Kf2 Bxf3  1/2-1/2

[Event "Bundesliga 8182"]
[Site "Germany"]
[Date "1982.??.??"]
[Round "?"]
[White "Kindermann, Stefan"]
[Black "Schuh, Hubert"]
[Result "1-0"]
[WhiteElo "2425"]
[BlackElo "2275"]

1.d4 d5 2.c4 e6 3.Nf3 Nf6 4.Nc3 Be7 5.Bf4 O-O 6.e3 c5 7.dxc5 Nc6 8.cxd5 exd5
9.Be2 Bxc5 10.O-O a6 11.Ne5 Re8 12.Nxc6 bxc6 13.Rc1 Bf5 14.Na4 Bd6 15.Bxd6 Qxd6
16.Nc5 a5 17.b3 Reb8 18.Qd4 Ne4 19.Nd3 Nf6 20.Qe5 Qxe5 21.Nxe5 Bd7 22.Nxc6 Bxc6
23.Rxc6 a4 24.Bd1 a3 25.Bf3 h6 26.Rfc1 Ne4 27.Kf1 Rd8 28.Ke2 Ng5 29.Rd1 Ra5
30.Rdc1 Kh7 31.R6c5 Rxc5 32.Rxc5 d4 33.exd4 Ne6 34.Be4+ g6 35.Ra5 f5 36.Bb1 Nxd4+
37.Ke3 Kg7 38.Rxa3 Nb5 39.Ra5 Nc3 40.Bc2 f4+ 41.Kxf4 Rd2 42.Ra7+ Kf6 43.Ra6+ Ke7
44.Bxg6 Rxf2+ 45.Kg3 Rb2 46.Bd3 Nxa2 47.Bc4 Nb4 48.Rxh6 Nc2 49.Rh7+ Kd6 50.Rh6+ Kc5  1-0

[Event "Bundesliga 8182"]
[Site "Germany"]
[Date "1982.??.??"]
[Round "?"]
[White "Goehring, Karl Heinz"]
[Black "Westermeier, Arnulf"]
[Result "1/2-1/2"]
[WhiteElo "2320"]
[BlackElo "2320"]

1.d4 Nf6 2.c4 e6 3.Nc3 d5 4.Nf3 Be7 5.Bf4 O-O 6.e3 Nbd7 7.Bd3 c5 8.cxd5 exd5
9.Ne5 a6 10.Qf3 Qb6 11.O-O-O cxd4 12.exd4 Bb4 13.Bc2 Bxc3 14.Qxc3 Nxe5 15.dxe5 Ne4
16.Qe3 Qc6 17.Kb1 Bf5 18.f3 Nd6 19.Bxf5 Nxf5 20.Qd3 Ne7 21.Bg5 Rfe8 22.Be3 Qe6
23.f4 Rac8 24.Rc1 Nc6 25.Bc5 d4 26.Bd6 f6 27.Rhe1 fxe5 28.fxe5 Rcd8 29.Qb3  1/2-1/2

[Event "Bundesliga 8182"]
[Site "Germany"]
[Date "1982.??.??"]
[Round "?"]
[White "Vogel, Robert"]
[Black "Sack, Bruno Wolfgang"]
[Result "1-0"]
[WhiteElo "2245"]
[BlackElo "2220"]

1.d4 d5 2.c4 e6 3.Nc3 Nf6 4.Nf3 Be7 5.Bf4 O-O 6.e3 c6 7.Bd3 b6 8.O-O Bb7
9.Rc1 Nbd7 10.h3 Re8 11.Qe2 a6 12.Rfd1 c5 13.Ne5 dxc4 14.Bxc4 b5 15.dxc5 Qc8
16.c6 Bxc6 17.Nxc6 Qxc6 18.Nxb5 axb5 19.Bxb5 Qb7 20.Bxd7 Nxd7 21.Rc7 Qxc7
22.Bxc7 Nf6 23.a3 Nd5 24.Be5 Rec8 25.Qg4 Nf6 26.Qd4 Rd8 27.Bxf6 Bxf6 28.Qg4 Rxd1+
29.Qxd1 Bxb2 30.a4 Bf6 31.Qb3 Be5 32.Qb5 f6 33.f4 Rb8 34.fxe5  1-0

[Event "Hamar op"]
[Site "Hamar"]
[Date "1982.??.??"]
[Round "4"]
[White "Tisdall, Jonathan D"]
[Black "De Lange, Daan"]
[Result "1-0"]
[WhiteElo "2410"]
[BlackElo "2220"]

1.d4 Nf6 2.c4 e6 3.Nf3 d5 4.Nc3 Be7 5.Bf4 O-O 6.e3 b6 7.cxd5 exd5 8.Bd3 Bb7
9.h3 a6 10.O-O Nbd7 11.Rc1 c5 12.Ne5 Nxe5 13.dxe5 Ne4 14.Bxe4 dxe4 15.Qc2 b5
16.Nxe4 Qd5 17.f3 Qxa2 18.Nd6 Bxd6 19.exd6 Rfd8 20.Rfd1 Bc6 21.Qxc5 Bd7 22.Qd4 Qe6
23.Rc5 f6 24.e4 a5 25.e5 f5 26.Bg5 Re8 27.Rc7 a4 28.Qd5 a3 29.bxa3 h6 30.Rxd7 hxg5
31.Qxe6+ Rxe6 32.Rc7 Kf8 33.Rd5 Ree8 34.Rxb5 Rxa3 35.Rbb7 Re6 36.Rc8+  1-0

[Event "NOR-ch"]
[Site "Lillehammer"]
[Date "1982.??.??"]
[Round "6"]
[White "Bjerke, Richard"]
[Black "Agdestein, Espen"]
[Result "1-0"]
[WhiteElo "2255"]
[BlackElo "2265"]

1.d4 Nf6 2.c4 e6 3.Nc3 d5 4.Nf3 Be7 5.Bf4 O-O 6.e3 c5 7.dxc5 Nc6 8.cxd5 exd5
9.Be2 Bxc5 10.O-O Be6 11.Rc1 Be7 12.Ne5 Nd7 13.Nxd7 Qxd7 14.Bf3 Rfd8 15.Qa4 Bf6
16.Rfd1 Bxc3 17.Rxc3 Ne5 18.Qd4 Nxf3+ 19.gxf3 a6 20.Rc7 Qb5 21.Be5 f6 22.Bxf6 gxf6
23.Qxf6 Bd7 24.Rd4  1-0

[Event "Luzern ol (Men)"]
[Site "Luzern"]
[Date "1982.??.??"]
[Round "4"]
[White "Arlandi, Ennio"]
[Black "Juarez Flores, Carlos A"]
[Result "1/2-1/2"]
[WhiteElo "2330"]
[BlackElo "2280"]

1.d4 e6 2.c4 Nf6 3.Nc3 d5 4.Nf3 Be7 5.Bf4 c6 6.e3 Nbd7 7.h3 O-O 8.Qc2 a6
9.Rd1 dxc4 10.Bxc4 b5 11.Bd3 Qb6 12.O-O c5 13.Ne4 c4 14.Nxf6+ Nxf6 15.Be2 Bb7
16.Ne5 Be4 17.Qd2 Rac8 18.f3 Ba8 19.Rc1 Rfd8 20.Bg3 Nd5 21.a3 c3 22.bxc3 Bxa3
23.Ra1 Bd6 24.c4 Bxe5 25.c5 Bxd4 26.exd4 Qc6 27.Bd3 Rd7 28.Be4 Bb7 29.Bd6  1/2-1/2

[Event "Luzern ol (Men)"]
[Site "Luzern"]
[Date "1982.??.??"]
[Round "5"]
[White "Segal, Alexandru Sorin"]
[Black "Jigjidsuren, Purev"]
[Result "1-0"]
[WhiteElo "2385"]
[BlackElo "2290"]

1.d4 d5 2.c4 e6 3.Nc3 Be7 4.Nf3 Nf6 5.Bf4 O-O 6.e3 b6 7.Qc2 c5 8.cxd5 exd5
9.Be2 Nc6 10.O-O Bb7 11.Rfd1 h6 12.Ne5 a6 13.Nxc6 Bxc6 14.dxc5 bxc5 15.Bf3 Qd7
16.Be5 Rfd8 17.Bxf6 Bxf6 18.Bxd5 Qc7 19.Bxc6 Qxc6 20.Rxd8+ Rxd8 21.Rd1 Rxd1+
22.Nxd1 Qb5 23.b3 Qb4 24.Kf1 a5 25.a4 Qb8 26.g3 Qe5 27.Kg2 Qe6 28.Qd3 g5
29.f3 g4 30.fxg4 Qxg4 31.Nf2 Qe6 32.Ne4 Be7 33.Nd2 Bd6 34.Qe4 Qc8 35.Qd5 Bf8
36.Ne4 Be7 37.Nd2 Qg4 38.Nf3 Qg6 39.e4 Bf8 40.Ne5 Qf6 41.Nc4 Qc3 42.Ne5 Qc2+
43.Kf3 Bg7 44.Nxf7 Kh7 45.Nd6 Qxh2 46.Kg4 Qe2+ 47.Kf5 Qf3+ 48.Ke6 Qxg3 49.Kd7 Qg4+
50.Kc6 h5 51.e5 h4 52.e6 Bf6 53.Ne4 Qf4 54.Qh5+ Kg7 55.Qf7+ Kh6 56.Nxf6 h3
57.Qh7+ Kg5 58.Nd5  1-0

[Event "EUchT qual"]
[Site "Luzern"]
[Date "1982.??.??"]
[Round "5"]
[White "Partos, Charles"]
[Black "Pfleger, Helmut"]
[Result "0-1"]
[WhiteElo "2405"]
[BlackElo "2500"]

1.d4 d5 2.c4 e6 3.Nc3 Nf6 4.Nf3 Be7 5.Bf4 O-O 6.e3 Nbd7 7.Be2 c6 8.Ne5 Nxe5
9.Bxe5 b6 10.O-O Bb7 11.cxd5 exd5 12.a3 Ne8 13.Bd3 g6 14.b4 Nd6 15.b5 cxb5
16.Bxd6 Qxd6 17.Nxb5 Qd7 18.Qb3 a6 19.Nc3 b5 20.Be2 Rac8 21.Rfc1 Rc7 22.a4 Rfc8
23.axb5 axb5 24.Na2 b4 25.Rcb1 Rb8 26.Nc1 Rc3 27.Qb2 Rbc8 28.Bd1 Qf5 29.Qd2 Ba6
30.Rb2 Bc4 31.Nb3 Qf6 32.Nc1 Kg7 33.g3 h5 34.Ne2 Rd3 35.Qe1 Ra3 36.Rc1 Rb8
37.Nf4 Bd6 38.Be2 Bxf4 39.gxf4 Ra2 40.Rxa2 Bxa2 41.Qd2 b3 42.Qb2 Qf5 43.Bd1 h4
44.Rc3 h3 45.Kf1 Qe4 46.f3 Qe7 47.Rd3 Qb4 48.Kf2 Rb6 49.Ke2 Ra6 50.Kf2 Ra7
51.Ke2 Rb7 52.Kf2 Qa5 53.Ke2 Qb4 54.Kf2 Qb5 55.Rd2 Qe8 56.Kf1 Qc8 57.Be2 Rb6
58.Bd3 Qc7 59.Ke1 Re6 60.Re2 Qe7 61.Kd2 Rc6 62.Kd1 Qf6 63.Re1 Qd6 64.Re2 Qb4
65.Rd2 Rc3 66.Ke2 Qa5 67.Rd1 Qc7 68.Ke1 Rc2 69.Bxc2 bxc2 70.Rc1 Qa5+ 71.Kf2 Qd2+
72.Kg3 Qg2+ 73.Kh4 Qf2+ 74.Kxh3 Qxf3+ 75.Kh4 Qf2+ 76.Kh3 f5  0-1

[Event "Luzern ol (Men)"]
[Site "Luzern"]
[Date "1982.??.??"]
[Round "6"]
[White "Karlsson, Lars"]
[Black "Handoko, Edhi"]
[Result "0-1"]
[WhiteElo "2505"]
[BlackElo "2375"]

1.c4 Nf6 2.Nc3 e6 3.Nf3 d5 4.d4 Be7 5.Bf4 O-O 6.e3 c6 7.Bd3 Nbd7 8.cxd5 exd5
9.h3 Re8 10.O-O Nf8 11.Ne5 Bd6 12.Bh2 Bxe5 13.dxe5 N6d7 14.f4 Qb6 15.Kh1 Qxe3
16.Bc2 Qb6 17.Qd2 Qd8 18.Rae1 f6 19.Bg3 Nb6 20.Bh4 Nc4 21.Qf2 Qb6 22.Qxb6 axb6
23.exf6 Bd7 24.fxg7 Kxg7 25.f5 Ne3 26.f6+ Kf7 27.Rf2 Ng6 28.Bxg6+ hxg6 29.Bg5 Nf5
30.Rxe8 Rxe8 31.Na4 Ng3+ 32.Kh2 Ne4 33.Be3 Nxf2 34.Bxf2 Re2 35.Kg3 Kxf6 36.Kf3 Rc2
37.Bxb6 Bf5 38.Bd4+ Kf7 39.g4 Be4+ 40.Ke3 Rh2 41.Nc5 Rxh3+ 42.Kf4 b6 43.Nxe4 dxe4
44.Bxb6 Rh2 45.Bd4 Re2 46.Ke5 e3 47.Ke4 Ke6 48.Kf3 Re1 49.Bxe3 Kd5 50.Bh6 Rf1+
51.Ke3 Rf7 52.Bg5 Ke5 53.Bd8 Ra7 54.a3 Ra4 55.Bc7+ Kd5 56.Kf3 Kc4 57.Be5 Kb3
58.g5 Rh4 59.Bf6 c5 60.Kg3 Rh1 61.Kf3 Re1 62.Bc3 Re6 63.Bf6 c4 64.Bc3 Re8
65.Kf2 Re4 66.Kf3 Rh4 67.Ke3 Rh3+ 68.Kd2 Rh2+ 69.Kc1 Rh1+  0-1

[Event "Luzern ol (Men)"]
[Site "Luzern"]
[Date "1982.??.??"]
[Round "6"]
[White "Trikaliotis, Georgios"]
[Black "Barry, Colm"]
[Result "0-1"]
[WhiteElo "2350"]
[BlackElo "2220"]

1.d4 Nf6 2.c4 e6 3.Nf3 d5 4.Nc3 Be7 5.Bf4 O-O 6.e3 c6 7.cxd5 exd5 8.Bd3 Nbd7
9.Qc2 Re8 10.h3 Nf8 11.g4 Be6 12.Ne5 Rc8 13.Bg3 c5 14.O-O a6 15.a4 N6d7 16.Rad1 cxd4
17.exd4 Nxe5 18.Bxe5 h5 19.Bf5 hxg4 20.hxg4 Rc6 21.Rd3 Bxf5 22.gxf5 Bh4 23.Rh3 Rh6
24.Kh2 Nh7 25.Bf4 Ng5 26.Bxg5 Qxg5 27.Qd3 Bxf2 28.Nxd5 Re3  0-1

[Event "Luzern ol (Men)"]
[Site "Luzern"]
[Date "1982.??.??"]
[Round "7"]
[White "Wong, M."]
[Black "Jhunjhnuwala, Naresh"]
[Result "1-0"]
[WhiteElo "2290"]
[BlackElo "2265"]

1.Nf3 Nf6 2.c4 e6 3.Nc3 d5 4.d4 Be7 5.Bf4 O-O 6.e3 c6 7.Qc2 Nbd7 8.cxd5 exd5
9.Bd3 Re8 10.O-O-O Bb4 11.Ne5 Nf8 12.Bg5 Be7 13.Kb1 N6d7 14.h4 f6 15.Nxd7 Bxd7
16.Bf4 Be6 17.e4 dxe4 18.Bxe4 Qb6 19.d5 cxd5 20.Nxd5 Bxd5 21.Bxd5+ Kh8 22.Be3 Qb5
23.Qb3 Qxb3 24.axb3 a5 25.h5 h6 26.Bxb7 Rab8 27.Bd5 Bb4 28.Rh4 Nh7 29.Rc4 Ng5
30.Rc7 Rbd8 31.Kc2 Re5 32.Bc4 Ree8 33.Rxd8 Rxd8 34.f3 Re8 35.Kd3 Ne6 36.Rc6 Rd8+
37.Ke4 Ng5+ 38.Kf5 Re8 39.Bd4 Rd8 40.Bc3 Rb8 41.Rc7 Re8 42.Kg6  1-0

[Event "Luzern ol (Men)"]
[Site "Luzern"]
[Date "1982.??.??"]
[Round "10"]
[White "Bjerke, Richard"]
[Black "Shaw, Terrey Ian"]
[Result "0-1"]
[WhiteElo "2255"]
[BlackElo "2320"]

1.d4 d5 2.c4 e6 3.Nc3 Nf6 4.Nf3 Be7 5.Bf4 O-O 6.e3 c6 7.h3 Bd6 8.Bxd6 Qxd6
9.Bd3 Nbd7 10.O-O Re8 11.Qc2 dxc4 12.Bxc4 e5 13.Ng5 Rf8 14.Qb3 Qe7 15.f4 exd4
16.exd4 Nb6 17.Rfe1 Qc7 18.Re5 Nxc4 19.Qxc4 h6 20.Nf3 Be6 21.Qe2 Bd5 22.Nh4 Rad8
23.Qf2 Rd7 24.Rae1 Qd8 25.R1e3 Be6 26.f5 Bc4 27.b3 Bd5 28.Ne2 Nh5 29.g4 Nf6
30.Nf4 c5 31.dxc5 Bc6 32.Nhg2 Qa5 33.Rd3 Rfd8 34.Qe2 Bb5 35.Rxd7 Bxe2 36.Rxd8+ Qxd8
37.Nxe2 Qc7 38.Re3 Qxc5 39.Kh2 Qc2 40.a3 Qd2 41.Kg3 Qd6+ 42.Kf2 Qxa3  0-1

[Event "Luzern ol (Men)"]
[Site "Luzern"]
[Date "1982.??.??"]
[Round "13"]
[White "Foisor, Ovidiu"]
[Black "Shaw, Terrey Ian"]
[Result "1-0"]
[WhiteElo "2400"]
[BlackElo "2320"]

1.d4 d5 2.c4 e6 3.Nc3 Nf6 4.Nf3 Be7 5.Bf4 O-O 6.e3 c6 7.Qc2 Nbd7 8.Rd1 Qa5
9.Nd2 Re8 10.Be2 Nf8 11.O-O Bd7 12.a3 b5 13.b4 Qb6 14.c5 Qd8 15.a4 a6 16.Ra1 Ng6
17.Bg3 h5 18.h3 h4 19.Bh2 Bf8 20.Bd3 Kh7 21.Nf3 Ng8 22.Bxg6+ fxg6 23.Ne5 Ne7
24.Nf7 Qc8 25.Nd6 Qd8 26.Nxe8 Qxe8 27.Ra2 Bc8 28.Qd3 Bb7 29.e4 Qf7 30.Re1 Ng8
31.Qe3 Nf6 32.Qf4 Kg8 33.Qxh4 Be7 34.Qg3 dxe4 35.Qc7 Bf8 36.Qxf7+ Kxf7 37.Nxe4 Nd5
38.Ng5+ Kg8 39.axb5 cxb5 40.Rb2 Bc6 41.Rxe6  1-0

[Event "Mar del Plata"]
[Site "Mar del Plata"]
[Date "1982.??.??"]
[Round "?"]
[White "Quinteros, Miguel A"]
[Black "Najdorf, Miguel"]
[Result "1/2-1/2"]
[WhiteElo "2505"]
[BlackElo "2515"]

1.c4 e6 2.Nc3 d5 3.d4 Be7 4.Nf3 Nf6 5.Bf4 O-O 6.e3 c5 7.dxc5 Bxc5 8.cxd5 Nxd5
9.Nxd5 exd5 10.Bd3 Bb4+ 11.Ke2 Nc6 12.Qc2 h6 13.Rhd1 Qf6 14.Kf1 Ba5 15.Be2 Bb6
16.Qd2 Rd8 17.Nd4 Nxd4 18.exd4 Bf5 19.Be5 Qg6 20.a4 a5 21.Rdc1 Rdc8 22.Rc3 Rxc3
23.bxc3 Rc8 24.Bb5 Bd8 25.Bf4 Bc7 26.Bxc7 Rxc7  1/2-1/2

[Event "Moscow"]
[Site "Moscow"]
[Date "1982.??.??"]
[Round "?"]
[White "Chekhov, Valery A"]
[Black "Anikaev, Yuri N"]
[Result "1/2-1/2"]
[WhiteElo "2460"]
[BlackElo "2465"]

1.d4 d5 2.c4 e6 3.Nc3 Be7 4.Nf3 Nf6 5.Bf4 c5 6.dxc5 Bxc5 7.e3 Nc6 8.cxd5 Nxd5
9.Nxd5 exd5 10.a3 Be7 11.Ne5 O-O 12.Bd3 Nxe5 13.Bxe5 Bf6 14.Bxf6 Qxf6 15.Qc2 g6
16.O-O d4 17.e4 Qb6 18.f4 Bd7 19.Qd2 Rae8 20.f5 gxf5 21.exf5 f6 22.Rf4 Bb5
23.Rd1 Bxd3 24.Qxd3 Qxb2 25.Rxd4 Re7 26.Rb4 Qe5 27.Qd5+ Qxd5 28.Rxd5 Rc8
29.h3 b6 30.a4 Kf7 31.Rh4 Kg7 32.Rg4+ Kf7 33.Rh4 Kg7 34.Rg4+ Kf7 35.Rh4  1/2-1/2

[Event "Moscow"]
[Site "Moscow"]
[Date "1982.??.??"]
[Round "?"]
[White "Meduna, Eduard"]
[Black "Abramovic, Bosko"]
[Result "1-0"]
[WhiteElo "2490"]
[BlackElo "2445"]

1.d4 Nf6 2.c4 e6 3.Nf3 d5 4.Nc3 Be7 5.Bf4 O-O 6.e3 c5 7.dxc5 Nc6 8.cxd5 exd5
9.Be2 Bxc5 10.O-O Be6 11.Nb5 a6 12.Nbd4 Qb6 13.Nxc6 bxc6 14.Qc2 Be7 15.Ng5 Bd7
16.Rac1 Rfc8 17.Rfd1 a5 18.Be5 h6 19.Bxf6 Bxf6 20.Qh7+ Kf8 21.Ne4 Qxb2 22.Nc5 Be8
23.Bg4 Rc7 24.e4 dxe4 25.Rc4 Rd8 26.Rxd8 Bxd8 27.Qh8+ Ke7 28.Rxe4+ Kd6 29.Nd3 Qb1+
30.Re1 Qxd3 31.Qxe8 Kc5 32.Rd1  1-0

[Event "Moscow"]
[Site "Moscow"]
[Date "1982.??.??"]
[Round "?"]
[White "Szekely, Peter"]
[Black "Zaitsev, Igor A"]
[Result "1/2-1/2"]
[WhiteElo "2430"]
[BlackElo "2445"]

1.Nf3 Nf6 2.c4 e6 3.Nc3 d5 4.d4 Be7 5.Bf4 O-O 6.e3 c5 7.dxc5 Bxc5 8.a3 Nc6
9.Be2 Bd6 10.Bg5 Be7 11.O-O dxc4 12.Bxc4 h6 13.Bh4 a6 14.Rc1  1/2-1/2

[Event "Moscow"]
[Site "Moscow"]
[Date "1982.??.??"]
[Round "?"]
[White "Szekely, Peter"]
[Black "Abramovic, Bosko"]
[Result "1/2-1/2"]
[WhiteElo "2430"]
[BlackElo "2445"]

1.Nf3 d5 2.c4 e6 3.d4 Nf6 4.Nc3 Be7 5.Bf4 O-O 6.e3 c5 7.dxc5 Bxc5 8.cxd5 exd5
9.Be2 Nc6 10.O-O Be6 11.Rc1 Rc8 12.a3  1/2-1/2

[Event "Pamporovo"]
[Site "Pamporovo"]
[Date "1982.??.??"]
[Round "4"]
[White "Velikov, Petar"]
[Black "Abramovic, Bosko"]
[Result "1/2-1/2"]
[WhiteElo "2470"]
[BlackElo "2445"]

1.d4 d5 2.c4 e6 3.Nc3 Be7 4.Nf3 Nf6 5.Bf4 O-O 6.e3 b6 7.cxd5 exd5 8.Bd3 c5
9.Rc1 a6 10.dxc5 bxc5 11.O-O Nbd7 12.Ne5 Bb7 13.Na4 Nxe5 14.Bxe5 Nd7 15.Bg3 Qa5
16.Bf5 Nf6 17.Qc2 g6 18.Bh3 Ne4 19.Be5 Bc6 20.Nc3 Ng5 21.Bg4 Rad8 22.Rfd1 f5
23.Be2 Nf7 24.Bg3 d4 25.exd4 cxd4 26.Nb1 Be4 27.Qb3 Bd6 28.Bxd6 Rxd6 29.Bc4 Kg7
30.Nd2 Ba8 31.Qg3 Qd8 32.Bxf7 Rxf7 33.Qe5+ Qf6 34.Qxf6+ Kxf6 35.Nc4 Rd8 36.Rd2 Rfd7
37.Nb6 Rd6 38.Nxa8 Rxa8 39.Kf1 d3 40.f3 f4 41.Rc3 Rad8 42.Kf2 g5 43.Ra3 h5
44.h3 h4 45.Kf1 R8d7 46.Kf2 Rb7 47.Kf1 Rbd7  1/2-1/2

[Event "POL-ch"]
[Site "POL"]
[Date "1982.??.??"]
[Round "?"]
[White "Szymczak, Zbigniew"]
[Black "Jasnikowski, Zbigniew"]
[Result "1-0"]
[WhiteElo "2395"]
[BlackElo "2395"]

1.d4 Nf6 2.c4 e6 3.Nf3 d5 4.Nc3 Be7 5.Bf4 O-O 6.e3 c5 7.dxc5 Bxc5 8.a3 Nc6
9.Be2 d4 10.Na4 Bd6 11.Bxd6 Qxd6 12.Nxd4 Nxd4 13.Qxd4 Qc6 14.Nc3 Qxg2 15.O-O-O e5
16.Qxe5 Qxf2 17.Rdf1 Qh4 18.Rhg1 Kh8 19.Nd5 Re8 20.Qc3 Qh6 21.Nxf6 gxf6 22.Rxf6 Qxe3+
23.Qxe3 Rxe3 24.Bh5 Be6 25.Bxf7 Bxf7 26.Rxf7 Re4 27.b3 a5 28.Rxb7 a4 29.Rgg7 Rh4
30.c5 Rxh2 31.c6 Rf8 32.Rgd7 axb3 33.Rxb3 Rf1+ 34.Rd1 Rff2 35.Kb1 Kg7 36.c7 Rc2
37.Rc1  1-0

[Event "POL-ch"]
[Site "POL"]
[Date "1982.??.??"]
[Round "?"]
[White "Szymczak, Zbigniew"]
[Black "Nowak, Ignacy"]
[Result "1-0"]
[WhiteElo "2395"]
[BlackElo "2360"]

1.d4 d5 2.c4 e6 3.Nc3 Be7 4.Nf3 Nf6 5.Bf4 O-O 6.e3 c5 7.dxc5 Bxc5 8.a3 Nc6
9.Be2 dxc4 10.Qc2 Na5 11.Rd1 Qe8 12.Ng5 Be7 13.Be5 g6 14.Nge4 Nxe4 15.Nxe4 f6
16.Bc3 Qb5 17.O-O Nc6 18.Nd2 Ne5 19.f4 Nf7 20.Nxc4 Qc5 21.b4 Qc7 22.Qb2 Nh6
23.e4 b6 24.e5 f5 25.Nd6 Bd7 26.Rc1 Rad8 27.Qb3 Nf7 28.Bb2 Qb8 29.Bc4 b5
30.Be2 Nxd6 31.exd6 Qxd6 32.Rfd1 Qxf4 33.Rxd7 Rxd7 34.Qxe6+ Rf7 35.Bxb5 Rc7
36.Bc4 Bf6 37.Qxf6 Qe3+ 38.Kh1 Qxc1+ 39.Bxc1 Rxc4 40.Qd8+ Kg7  1-0

[Event "Reykjavik op"]
[Site "Reykjavik"]
[Date "1982.??.??"]
[Round "?"]
[White "Bischoff, Klaus"]
[Black "Kuligowski, Adam"]
[Result "1-0"]
[WhiteElo "2385"]
[BlackElo "2465"]

1.c4 e6 2.Nf3 d5 3.d4 Nf6 4.Nc3 Be7 5.Bf4 O-O 6.e3 c5 7.dxc5 Bxc5 8.cxd5 Nxd5
9.Nxd5 exd5 10.Bd3 Bb4+ 11.Ke2 Re8 12.Qc2 h6 13.Rhd1 Nc6 14.Kf1 Bd6 15.Bh7+ Kh8
16.Rxd5 Nb4 17.Rxd6 Nxc2 18.Rxd8 Nxe3+ 19.Bxe3 Rxd8 20.Be4 Be6 21.b3 Bd5
22.Bxd5 Rxd5 23.Rc1 Rd7 24.h4 b6 25.Ke2 Re8 26.Rc6 h5 27.g3 f6 28.Ne1 Kg8
29.Nd3 Kf7 30.Nf4 Re5 31.Rc8 g6 32.a4 Kg7 33.Rc6 Kf7 34.Rc1 Re8 35.Kf3 Re5
36.b4 Ree7 37.Rc8 Rc7 38.Rh8 Kg7 39.Rb8 Rc4 40.a5 bxa5 41.bxa5 Ra4 42.Rb5 Kf7
43.Nd5 Rd7 44.Nb4 Ke6 45.a6 Rd6 46.Rb7  1-0

[Event "Reykjavik op"]
[Site "Reykjavik"]
[Date "1982.??.??"]
[Round "?"]
[White "Kaiszauri, Konstanty"]
[Black "Burger, Karl"]
[Result "1-0"]
[WhiteElo "2395"]
[BlackElo "2420"]

1.c4 e6 2.Nc3 d5 3.d4 Be7 4.Nf3 Nf6 5.Bf4 O-O 6.e3 c5 7.cxd5 exd5 8.dxc5 Nc6
9.Be2 Bxc5 10.O-O Be6 11.Rc1 Rc8 12.Nb5 Ne4 13.Nfd4 a6 14.Nxc6 bxc6 15.Nc3 Nxc3
16.Rxc3 Qb6 17.Bxa6 Ra8 18.Bd3 d4 19.Bxh7+ Kxh7 20.Qh5+ Kg8 21.Qxc5 Qxc5
22.Rxc5 d3 23.a3 Bb3 24.e4 Ra4 25.f3 f5 26.Rc3 Bc2 27.Bd6 fxe4 28.Bxf8 e3
29.Rxc2 Kxf8 30.Rxc6 Rd4 31.Re6 e2 32.Re1 d2 33.R6xe2  1-0